书目信息 |
| 题名: |
数据库基础及应用 (Visual FoxPro) 教程
|
|
| 作者: | 熊李艳 , 周美玲 主编 | |
| 分册: | ||
| 出版信息: | 北京 国家行政学院出版社 2018 |
|
| 页数: | 319页 | |
| 开本: | 27cm | |
| 丛书名: | ||
| 单 册: | ||
| 中图分类: | TP311.138-43 | |
| 科图分类: | ||
| 主题词: | 关系数据库系统--guan xi shu ju ku xi tong--程序设计--高等学校--教材 | |
| 电子资源: | ||
| ISBN: | 978-7-5150-2203-1 | |
| 000 | 01212nam0 2200277 450 | |
| 001 | 012001001684 | |
| 005 | 20140108164130.0 | |
| 010 | @a978-7-5150-2203-1@dCNY53.00 | |
| 099 | @aCAL 012019054080 | |
| 100 | @a20190410d2018 em y0chiy50 ea | |
| 101 | 0 | @achi |
| 102 | @aCN@b110000 | |
| 105 | @aak a 000yy | |
| 106 | @ar | |
| 200 | 1 | @a数据库基础及应用 (Visual FoxPro) 教程@Ashu ju ku ji chu ji ying yong (visual foxpro) jiao cheng@f主编熊李艳, 周美玲 |
| 210 | @a北京@c国家行政学院出版社@d2018 | |
| 215 | @a319页@c图@d27cm | |
| 300 | @a普通高等院校“十三五”创新型规划教材 | |
| 320 | @a有书目 (第319页) | |
| 330 | @a本书以Visual FoxPro 6.0为背景,介绍了关系数据库系统的基本理论和技术,主要包括Visual FoxPro 6.0的基础知识、数据库与表的基本操作、数据库和表的高级应用、项目管理器、VFP程序设计基础、SQL关系数据库查询语言、查询与视图、面向对象的程序设计、常用的表单控件、报表和标签、菜单和工具栏设计、应用系统开发等内容。 | |
| 606 | 0 | @a关系数据库系统@Aguan xi shu ju ku xi tong@x程序设计@x高等学校@j教材 |
| 690 | @aTP311.138-43@v5 | |
| 701 | 0 | @a熊李艳@Axiong li yan@4主编 |
| 701 | 0 | @a周美玲@Azhou mei ling@4主编 |
| 801 | 0 | @aCN@b北京卓展@c20191020 |
| 905 | @b1202406-9@dTP311.138-43@e1386@f4 | |
| 数据库基础及应用 (Visual FoxPro) 教程/主编熊李艳, 周美玲.-北京:国家行政学院出版社,2018 |
| 319页:图;27cm |
| 普通高等院校“十三五”创新型规划教材 |
| ISBN 978-7-5150-2203-1:CNY53.00 |
| 本书以Visual FoxPro 6.0为背景,介绍了关系数据库系统的基本理论和技术,主要包括Visual FoxPro 6.0的基础知识、数据库与表的基本操作、数据库和表的高级应用、项目管理器、VFP程序设计基础、SQL关系数据库查询语言、查询与视图、面向对象的程序设计、常用的表单控件、报表和标签、菜单和工具栏设计、应用系统开发等内容。 |
| ● |
| 相关链接 |
|
|
|
|
正题名:数据库基础及应用 (Visual FoxPro) 教程
索取号:TP311.138-43/1386
 
预约/预借
| 序号 | 登录号 | 条形码 | 馆藏地/架位号 | 状态 | 备注 |
| 1 | 1202406 | 212024067 | 第二样本阅览室/ [索取号:TP311.138-43/1386] | 在馆 | |
| 2 | 1202407 | 212024076 | 第三借阅区/ [索取号:TP311.138-43/1386] | 在馆 | |
| 3 | 1202408 | 212024085 | 第三借阅区/ [索取号:TP311.138-43/1386] | 在馆 | |
| 4 | 1202409 | 212024094 | 第三借阅区/ [索取号:TP311.138-43/1386] | 在馆 |